• 首页
  • 本馆介绍
  • 公告通知
  • 最新文献
  • 馆藏检索
  • 电子资源
  • 读者导购
  • 参考咨询
  • 我的图书馆
  • 登录
  • 详细信息显示
  • 放入我的书架
  • 预约/预借图书
  • 作者相关作品
  • 分类相关作品
  • 丛书相关作品
  • 出版社相关作品

书目信息

  • 表格格式
  • 工作单格式
  • 卡片格式
题名:
等离子体及其应用
    
 
作者: 孙杏凡 编
分册:  
出版信息: 北京   高等教育出版社  1982
页数: 148页
开本: 19cm
丛书名: 高等学校物理学小丛书
单 册:
中图分类: O53
科图分类:
主题词: 等离子体--应用
电子资源:
ISBN:
000 00675nam2 2200253 45
001 0182005597
005 20060815173709.82
010    @dCNY0.63
091    @aCN@b13010.0842
100    @a19950706d1982 em y0chiy0121 ea
101 0  @achi
102    @aCN@b110000
105    @ay z 000yy
200 10 @a等离子体及其应用@Adeng li zi ti ji qi ying yong@f孙杏凡编
210    @a北京@c高等教育出版社@d1982
215    @a148页@d19cm
225 2  @a高等学校物理学小丛书
410  0 @120010@a高等学校物理学小丛书
606    @a等离子体@x应用
690    @aO53@v3
701  0 @a孙杏凡@Asun xing fan@4编
801  2 @aCN@bNLC@c20060815
801  0 @aCN@bTSSF
905    @a10447@dO53@e32
    
    等离子体及其应用/孙杏凡编.-北京:高等教育出版社,1982
    148页;19cm.-(高等学校物理学小丛书)
    
    
    ISBN :CNY0.63
    
●
相关链接 在E读中查询图书 在五车中查询图书 在当当中查询图书 在豆瓣中查询图书


正题名:等离子体及其应用     索取号:O53/32         预约/预借

序号 登录号 条形码 馆藏地/架位号 状态 备注
1 0461704   204617049   密集书库/ [索取号:O53/32] 在馆    
唐山师范学院图书馆 欢迎您!
大连网信软件有限公司© 版权所有